Obálka Náhled e-knihy:
PDF
Pro půjčování e-knih musíte být přihlášeni.
Jak si půjčit online?

Montessori pre deti /

Montessori nie je len pre najmenších zvedavcov! Na základe princípov, ktoré vyvinula Dr. Maria Montessori, autorky Simone Davies a Junnifa Uzodike rodičom tri- až dvanásťročných detí ukazujú, ako u nich povzbudiť vrodenú zvedavosť a nezávislosť prostredníctvom spojenia, spolupráce a radosti. Poskytu...

Celý popis

Uloženo v:
Hlavní autor: kolektiv, (Autor)
Médium: E-kniha
Jazyk:Czech
Vydáno: Praha : Albatros Media Slovakia s.r.o., 2025
Tagy:
Žádné tagy
LEADER 01389nam a22002297i 4500
001 302698
007 ta
008 260514s2025 xr ||||| |||| 00| 0 cze d
020 |a 9788056648469 
044 |a xr 
100 1 |a  kolektiv,   |4 aut 
245 1 0 |a Montessori pre deti /  |c  kolektiv,  
240 1 0 |a Montessori Child 
264 1 |a Praha :  |b Albatros Media Slovakia s.r.o.,  |c 2025 
300 |a 1 online zdroj (288 stran) 
336 |a text  |b txt  |2 rdacontent 
337 |a bez média  |b n  |2 rdamedia 
338 |a online zdroj  |b cr  |2 rdacarrier 
520 2 |a Montessori nie je len pre najmenších zvedavcov! Na základe princípov, ktoré vyvinula Dr. Maria Montessori, autorky Simone Davies a Junnifa Uzodike rodičom tri- až dvanásťročných detí ukazujú, ako u nich povzbudiť vrodenú zvedavosť a nezávislosť prostredníctvom spojenia, spolupráce a radosti. Poskytujú im tiež cenné rady, ako vytvoriť rodinný život s menším množstvom rozptýlení, komplikácií a času stráveného pri obrazovkách. 
910 |a RBIT002 
998 |d 426955  |a https://core.palmknihy.cz/api/books/426955/cover?tesgi0  |b https://core.palmknihy.cz/api/books/426955/cover/400?tesgi0  |c https://core.palmknihy.cz/api/books/426955/cover/50?tesgi0  |e 2030-01-13  |g 288  |i 9788056648469  |k https://core.palmknihy.cz/api/books/426955/preview.pdf  |l   |q 49  |r 1  |s https://www.palmknihy.cz/kniha/426955  |t ebook  |y 2025  |z 1 
999 |d 302696